000 01018nam a22002537a 4500
999 _c65994
_d65994
005 20240530110853.0
008 201102s2019 ua a g b 000 0dara d
017 _a2018/21940
_bمصر. دار الكتب
020 _a9789773194567
040 _aEG-CaGPL
_cEG-CaGPL
082 0 4 _221
_a364.254/
_bغ ع
100 0 _aغادة ممدوح سيد امين
245 1 2 _aالعنف الاعلامى :
_bسيكولوجية العدوان نفسيا واجتماعيا /
_cغادة ممدوح سيد امين
250 _aط.1
260 _aالقاهرة :
_bالعربى للنشر و التوزيع،
_c2019
300 _a287 ص. ؛
_c24 سم.
504 _aيشتمل على ارجاعات ببليوجرافية
650 0 7 _2qrmak
_aالعنف فى التليفزيون
650 0 7 _aالعنف فى وسائل الاعلام
650 0 7 _aوسائل الاعلام
650 0 7 _aالتليفزيون
_xالتاثير النفسى
942 _2ddc
_cBK